THE INFLUENCE OF CULTURE ON VISUAL PERCEPTION (Record no. 166)

000 -LEADER
fixed length control field 00284nam a22000977a 4500
008 - FIXED-LENGTH DATA ELEMENTS--GENERAL INFORMATION
fixed length control field 150819b xxu||||| |||| 00| 0 eng d
082 ## -
Classification number 153.7 SEG
100 ## - MAIN ENTRY--PERSONAL NAME
Personal name SEGALL,MARSHALL.H
245 ## - TITLE STATEMENT
Title THE INFLUENCE OF CULTURE ON VISUAL PERCEPTION
260 ## - PUBLICATION, DISTRIBUTION, ETC. (IMPRINT)
Place of publication, distribution, etc. NEW YORK
Name of publisher, distributor, etc. THE BOBBS-MERRILL COMPANY
Date of publication, distribution, etc. 1966
Holdings
Withdrawn status Lost status Source of classification or shelving scheme Damaged status Koha normalized classification for sorting Not for loan Home library Current library Shelving location Date acquired Total Checkouts Full call number Barcode Date last seen Price effective from Koha item type
        153_700000000000000_SEG   Dodoma Dodoma Ground Floor 19/08/2015   153.7 SEG 000000002294 29/07/2019 19/08/2015 BOOKS

IRDP © 2019 :: Managed by IRDP ICT Unit